000 00713cam a2200217 4500500
005 20260111080304.0
041 _afre
042 _adc
100 1 0 _aTauzin, Jean-Louis
_eauthor
700 1 0 _aRoyer, Sabine
_eauthor
245 0 0 _aLes enjeux de la lutte contre la fraude aux allocations chômage
260 _c2019.
500 _a87
690 _afinances sociales
690 _agestion publique
690 _alutte contre la fraude
690 _anumérique
690 _apôle empoi
786 0 _nGestion & Finances Publiques | 1 | 1 | 2019-01-01 | p. 47-55 | 1969-1009
856 4 1 _uhttps://droit.cairn.info/revue-gestion-et-finances-publiques-2019-1-page-47?lang=fr&redirect-ssocas=7080
999 _c1616124
_d1616124